[Event "2nd Easter 4NCL Congress"]
[Site "Daventry"]
[Date "2022.04.17"]
[Round "4"]
[Board "11"]
[White "Southcott-Moyers, Indy"]
[Black "Ackley, Peter Je"]
[Result "1/2-1/2"]
[WhiteElo "2052"]
[BlackElo "2156"]
[PlyCount "0"]
[EventDate "2022.04.15"]
[EventRounds "7"]
[EventCountry "ENG"]

1. d4 {[%clk 01:30:58]} {[%emt 00:00:02]} g6 {[%clk 01:30:57]} {[%emt
00:00:03]} 2. c4 {[%clk 01:31:14]} {[%emt 00:00:15]} d6 {[%clk 01:31:20]}
{[%emt 00:00:07]} 3. Nc3 {[%clk 01:30:48]} {[%emt 00:00:55]} Bg7 {[%clk
01:31:44]} {[%emt 00:00:06]} 4. e4 {[%clk 01:30:33]} {[%emt 00:00:46]} e5
{[%clk 01:32:09]} {[%emt 00:00:05]} 5. Be3 {[%clk 01:24:01]} {[%emt 00:07:01]}
exd4 {[%clk 01:32:31]} {[%emt 00:00:09]} 6. Bxd4 {[%clk 01:24:20]} {[%emt
00:00:11]} Nf6 {[%clk 01:32:56]} {[%emt 00:00:04]} 7. f3 {[%clk 01:12:58]}
{[%emt 00:11:52]} Nc6 {[%clk 01:28:31]} {[%emt 00:04:55]} 8. Bf2 {[%clk
01:10:11]} {[%emt 00:03:17]} O-O {[%clk 01:26:16]} {[%emt 00:02:45]} 9. Bd3
{[%clk 01:10:10]} {[%emt 00:00:31]} Ne5 {[%clk 01:23:55]} {[%emt 00:02:52]} 10.
Nge2 {[%clk 01:09:40]} {[%emt 00:01:00]} Be6 {[%clk 01:19:34]} {[%emt
00:04:50]} 11. b3 {[%clk 01:08:37]} {[%emt 00:01:33]} c6 {[%clk 01:15:38]}
{[%emt 00:04:25]} 12. Bd4 {[%clk 00:58:41]} {[%emt 00:10:26]} Nxd3+ {[%clk
00:50:17]} {[%emt 00:25:52]} 13. Qxd3 {[%clk 00:59:04]} {[%emt 00:00:07]} d5
{[%clk 00:50:42]} {[%emt 00:00:05]} 14. cxd5 {[%clk 00:56:33]} {[%emt
00:03:01]} cxd5 {[%clk 00:50:54]} {[%emt 00:00:18]} 15. exd5 {[%clk 00:47:01]}
{[%emt 00:10:03]} Nxd5 {[%clk 00:45:07]} {[%emt 00:06:16]} 16. Bxg7 {[%clk
00:46:21]} {[%emt 00:01:10]} Kxg7 {[%clk 00:45:23]} {[%emt 00:00:14]} 17. Nxd5
{[%clk 00:43:36]} {[%emt 00:03:15]} Qxd5 {[%clk 00:44:00]} {[%emt 00:01:52]} 18.
Qxd5 {[%clk 00:42:50]} {[%emt 00:01:18]} Bxd5 {[%clk 00:44:26]} {[%emt
00:00:04]} 19. Rd1 {[%clk 00:42:13]} {[%emt 00:01:06]} Rfd8 {[%clk 00:40:07]}
{[%emt 00:04:49]} 20. Kf2 {[%clk 00:39:46]} {[%emt 00:02:58]} Be6 {[%clk
00:37:50]} {[%emt 00:02:46]} 21. Nd4 {[%clk 00:39:39]} {[%emt 00:00:36]} Kf6
{[%clk 00:37:49]} {[%emt 00:00:32]} 22. Nxe6 {[%clk 00:39:53]} {[%emt
00:00:16]} Kxe6 {[%clk 00:37:17]} {[%emt 00:01:02]}  1/2-1/2

[Event "2nd Easter 4NCL Congress"]
[Site "Daventry"]
[Date "2022.04.17"]
[Round "4"]
[Board "12"]
[White "Lentzos, Ioannis"]
[Black "Skettos, Nicolas"]
[Result "1-0"]
[WhiteElo "2152"]
[BlackElo "2067"]
[PlyCount "0"]
[EventDate "2022.04.15"]
[EventRounds "7"]
[EventCountry "ENG"]

1. d4 {[%clk 01:30:57]} {[%emt 00:00:02]} d5 {[%clk 01:30:21]} {[%emt
00:00:40]} 2. c4 {[%clk 01:31:22]} {[%emt 00:00:05]} dxc4 {[%clk 01:30:48]}
{[%emt 00:00:03]} 3. e3 {[%clk 01:31:47]} {[%emt 00:00:04]} e5 {[%clk
01:30:33]} {[%emt 00:00:45]} 4. Bxc4 {[%clk 01:32:12]} {[%emt 00:00:06]} exd4
{[%clk 01:31:00]} {[%emt 00:00:03]} 5. exd4 {[%clk 01:32:36]} {[%emt 00:00:05]}
Bd6 {[%clk 01:31:28]} {[%emt 00:00:03]} 6. Nf3 {[%clk 01:32:59]} {[%emt
00:00:07]} Nf6 {[%clk 01:31:54]} {[%emt 00:00:03]} 7. Qe2+ {[%clk 01:33:24]}
{[%emt 00:00:05]} Qe7 {[%clk 01:32:06]} {[%emt 00:00:18]} 8. Qxe7+ {[%clk
01:33:49]} {[%emt 00:00:05]} Bxe7 {[%clk 01:32:33]} {[%emt 00:00:04]} 9. O-O
{[%clk 01:34:11]} {[%emt 00:00:07]} Nbd7 {[%clk 01:31:29]} {[%emt 00:01:34]} 10.
Nc3 {[%clk 01:33:41]} {[%emt 00:01:00]} c6 {[%clk 01:29:14]} {[%emt 00:02:46]}
11. Bb3 {[%clk 01:31:29]} {[%emt 00:02:42]} Nb6 {[%clk 01:23:44]} {[%emt
00:06:00]} 12. Re1 {[%clk 01:26:20]} {[%emt 00:05:38]} Nfd5 {[%clk 01:22:11]}
{[%emt 00:02:03]} 13. Ne4 {[%clk 01:14:46]} {[%emt 00:12:05]} O-O {[%clk
01:10:16]} {[%emt 00:12:25]} 14. Nc5 {[%clk 01:12:55]} {[%emt 00:02:21]} Bd6
{[%clk 01:06:40]} {[%emt 00:04:06]} 15. Bd2 {[%clk 00:59:18]} {[%emt 00:14:07]}
Nd7 {[%clk 01:01:07]} {[%emt 00:06:04]} 16. Ne4 {[%clk 00:53:01]} {[%emt
00:06:46]} Bc7 {[%clk 00:54:48]} {[%emt 00:06:48]} 17. Rac1 {[%clk 00:52:28]}
{[%emt 00:01:04]} Nf4 {[%clk 00:49:24]} {[%emt 00:05:55]} 18. Rc3 {[%clk
00:43:28]} {[%emt 00:09:29]} Nb6 {[%clk 00:44:36]} {[%emt 00:05:19]} 19. Ne5
{[%clk 00:31:59]} {[%emt 00:11:58]} Nbd5 {[%clk 00:30:10]} {[%emt 00:14:56]} 20.
Bxf4 {[%clk 00:26:48]} {[%emt 00:05:41]} Nxf4 {[%clk 00:30:37]} {[%emt
00:00:03]} 21. Nxf7 {[%clk 00:14:26]} {[%emt 00:12:52]} Ba5 {[%clk 00:20:01]}
{[%emt 00:11:06]} 22. Nh6+ {[%clk 00:14:45]} {[%emt 00:00:10]} Kh8 {[%clk
00:20:28]} {[%emt 00:00:04]} 23. Nf7+ {[%clk 00:15:12]} {[%emt 00:00:03]} Kg8
{[%clk 00:20:27]} {[%emt 00:00:32]} 24. Rf3 {[%clk 00:05:08]} {[%emt 00:10:34]}
Nd5 {[%clk 00:17:36]} {[%emt 00:03:21]} 25. Bxd5 {[%clk 00:05:25]} {[%emt
00:00:12]} cxd5 {[%clk 00:17:55]} {[%emt 00:00:11]} 26. Nc3 {[%clk 00:05:48]}
{[%emt 00:00:07]} Bg4 {[%clk 00:14:36]} {[%emt 00:03:49]} 27. Rg3 {[%clk
00:06:02]} {[%emt 00:00:16]} Bh5 {[%clk 00:06:16]} {[%emt 00:08:50]} 28. Ne5
{[%clk 00:05:43]} {[%emt 00:00:49]} Rac8 {[%clk 00:05:22]} {[%emt 00:01:25]} 29.
Nd7 {[%clk 00:04:58]} {[%emt 00:01:14]} Rf7 {[%clk 00:04:18]} {[%emt 00:01:35]}
30. Nc5 {[%clk 00:05:08]} {[%emt 00:00:20]} Bb4 {[%clk 00:03:47]} {[%emt
00:01:01]} 31. Re5 {[%clk 00:04:56]} {[%emt 00:00:41]} b6 {[%clk 00:01:55]}
{[%emt 00:02:23]} 32. Rxh5 {[%clk 00:01:45]} {[%emt 00:03:41]} bxc5 {[%clk
00:02:12]} {[%emt 00:00:13]} 33. Rxd5 {[%clk 00:02:04]} {[%emt 00:00:11]} cxd4
{[%clk 00:02:10]} {[%emt 00:00:32]} 34. Rxd4 {[%clk 00:02:26]} {[%emt
00:00:07]} Bc5 {[%clk 00:02:14]} {[%emt 00:00:26]} 35. Rd2 {[%clk 00:02:48]}
{[%emt 00:00:08]} Bb4 {[%clk 00:02:05]} {[%emt 00:00:39]} 36. Rgd3 {[%clk
00:02:48]} {[%emt 00:00:30]} Rfc7 {[%clk 00:02:13]} {[%emt 00:00:23]} 37. Rd8+
{[%clk 00:02:47]} {[%emt 00:00:31]} Rxd8 {[%clk 00:02:24]} {[%emt 00:00:19]} 38.
Rxd8+ {[%clk 00:03:15]} {[%emt 00:00:02]} Kf7 {[%clk 00:02:48]} {[%emt
00:00:06]} 39. Rd3 {[%clk 00:03:34]} {[%emt 00:00:10]} Rb7 {[%clk 00:02:20]}
{[%emt 00:00:59]} 40. Kf1 {[%clk 00:03:21]} {[%emt 00:00:42]} Ke6 {[%clk
00:02:05]} {[%emt 00:00:45]} 41. Ke2 {[%clk 00:03:24]} {[%emt 00:00:27]} Bd6
{[%clk 00:02:05]} {[%emt 00:00:30]} 42. b3 {[%clk 00:03:02]} {[%emt 00:00:53]}
h5 {[%clk 00:01:46]} {[%emt 00:00:49]} 43. Ne4 {[%clk 00:03:01]} {[%emt
00:00:30]} Be7 {[%clk 00:01:51]} {[%emt 00:00:26]} 44. f3 {[%clk 00:02:58]}
{[%emt 00:00:33]} Rc7 {[%clk 00:02:15]} {[%emt 00:00:05]} 45. Rc3 {[%clk
00:03:22]} {[%emt 00:00:06]} Rxc3 {[%clk 00:00:51]} {[%emt 00:01:55]} 46. Nxc3
{[%clk 00:03:51]} {[%emt 00:00:01]} Bd6 {[%clk 00:01:06]} {[%emt 00:00:14]} 47.
h3 {[%clk 00:03:56]} {[%emt 00:00:24]} Ke5 {[%clk 00:01:08]} {[%emt 00:00:29]}
48. g3 {[%clk 00:02:24]} {[%emt 00:02:02]} a6 {[%clk 00:01:23]} {[%emt
00:00:16]} 49. Kd3 {[%clk 00:02:34]} {[%emt 00:00:19]} h4 {[%clk 00:01:04]}
{[%emt 00:00:50]} 50. f4+ {[%clk 00:01:29]} {[%emt 00:01:35]} Kf5 {[%clk
00:01:33]} {[%emt 00:00:01]} 51. Ne4 {[%clk 00:01:51]} {[%emt 00:00:08]} hxg3
{[%clk 00:01:26]} {[%emt 00:00:37]} 52. Nxd6+ {[%clk 00:02:09]} {[%emt
00:00:12]} Kxf4 {[%clk 00:01:54]} {[%emt 00:00:02]} 53. Ke2 {[%clk 00:02:30]}
{[%emt 00:00:09]} Ke5 {[%clk 00:01:25]} {[%emt 00:00:59]} 54. Nb7 {[%clk
00:02:12]} {[%emt 00:00:47]} Kd4 {[%clk 00:01:33]} {[%emt 00:00:23]} 55. Kf3
{[%clk 00:02:38]} {[%emt 00:00:03]} Kc3 {[%clk 00:01:40]} {[%emt 00:00:23]} 56.
Kxg3 {[%clk 00:02:32]} {[%emt 00:00:37]} Kb4 {[%clk 00:01:57]} {[%emt
00:00:12]} 57. Kf4 {[%clk 00:02:56]} {[%emt 00:00:07]} Ka3 {[%clk 00:02:17]}
{[%emt 00:00:10]} 58. Kf5 {[%clk 00:03:20]} {[%emt 00:00:05]} Kxa2 {[%clk
00:02:40]} {[%emt 00:00:08]} 59. Kg6 {[%clk 00:03:45]} {[%emt 00:00:04]}  1-0

[Event "2nd Easter 4NCL Congress"]
[Site "Daventry"]
[Date "2022.04.17"]
[Round "4"]
[Board "13"]
[White "Ireland, David J"]
[Black "Nelson, Omowale A"]
[Result "1-0"]
[WhiteElo "2109"]
[BlackElo "2000"]
[PlyCount "0"]
[EventDate "2022.04.15"]
[EventRounds "7"]
[EventCountry "ENG"]

1. d4 {[%clk 01:18:47]} {[%emt 00:12:12]} d5 {[%clk 01:30:53]} {[%emt
00:00:07]} 2. Nf3 {[%clk 01:19:06]} {[%emt 00:00:12]} Nf6 {[%clk 01:31:15]}
{[%emt 00:00:08]} 3. c4 {[%clk 01:19:28]} {[%emt 00:00:07]} dxc4 {[%clk
01:31:18]} {[%emt 00:00:28]} 4. Nc3 {[%clk 01:19:36]} {[%emt 00:00:21]} a6
{[%clk 01:27:06]} {[%emt 00:04:44]} 5. e4 {[%clk 01:19:48]} {[%emt 00:00:17]}
e6 {[%clk 01:23:47]} {[%emt 00:03:49]} 6. e5 {[%clk 01:18:40]} {[%emt
00:01:38]} Nd5 {[%clk 01:23:15]} {[%emt 00:01:03]} 7. Bxc4 {[%clk 01:18:23]}
{[%emt 00:00:47]} Nb6 {[%clk 01:20:55]} {[%emt 00:02:49]} 8. Bd3 {[%clk
01:16:34]} {[%emt 00:02:20]} c5 {[%clk 01:20:21]} {[%emt 00:01:03]} 9. dxc5
{[%clk 01:15:21]} {[%emt 00:01:43]} Bxc5 {[%clk 01:20:23]} {[%emt 00:00:28]} 10.
O-O {[%clk 01:15:33]} {[%emt 00:00:19]} h6 {[%clk 01:14:52]} {[%emt 00:06:00]}
11. Qe2 {[%clk 01:03:29]} {[%emt 00:12:33]} Bd7 {[%clk 01:13:57]} {[%emt
00:01:25]} 12. Rd1 {[%clk 01:01:51]} {[%emt 00:02:07]} Qc7 {[%clk 01:08:03]}
{[%emt 00:06:27]} 13. Ne4 {[%clk 00:59:34]} {[%emt 00:02:47]} Be7 {[%clk
01:05:47]} {[%emt 00:02:46]} 14. Bf4 {[%clk 00:56:57]} {[%emt 00:03:06]} Nc6
{[%clk 00:59:38]} {[%emt 00:06:39]} 15. Rac1 {[%clk 00:53:41]} {[%emt
00:03:46]} Nd5 {[%clk 00:54:25]} {[%emt 00:05:43]} 16. Bg3 {[%clk 00:53:12]}
{[%emt 00:00:59]} Qb6 {[%clk 00:50:49]} {[%emt 00:04:06]} 17. a3 {[%clk
00:51:32]} {[%emt 00:02:11]} Rd8 {[%clk 00:49:08]} {[%emt 00:02:10]} 18. b4
{[%clk 00:49:11]} {[%emt 00:02:53]} Bc8 {[%clk 00:43:42]} {[%emt 00:05:55]} 19.
h4 {[%clk 00:44:43]} {[%emt 00:04:57]} Na7 {[%clk 00:37:44]} {[%emt 00:06:28]}
20. Nfd2 {[%clk 00:42:51]} {[%emt 00:02:24]} O-O {[%clk 00:24:01]} {[%emt
00:14:11]} 21. Nc4 {[%clk 00:33:40]} {[%emt 00:09:41]} Qc7 {[%clk 00:22:21]}
{[%emt 00:02:11]} 22. Nf6+ {[%clk 00:29:58]} {[%emt 00:04:12]} Bxf6 {[%clk
00:16:50]} {[%emt 00:06:01]} 23. exf6 {[%clk 00:30:03]} {[%emt 00:00:24]} Qd7
{[%clk 00:17:00]} {[%emt 00:00:20]} 24. Ne5 {[%clk 00:27:32]} {[%emt 00:03:01]}
Qe8 {[%clk 00:16:55]} {[%emt 00:00:34]} 25. fxg7 {[%clk 00:26:09]} {[%emt
00:01:53]} Kxg7 {[%clk 00:16:40]} {[%emt 00:00:46]} 26. Qg4+ {[%clk 00:17:56]}
{[%emt 00:08:43]} Kh8 {[%clk 00:12:12]} {[%emt 00:04:58]} 27. Qh5 {[%clk
00:17:07]} {[%emt 00:01:18]} Kg7 {[%clk 00:11:40]} {[%emt 00:01:01]} 28. Qg4+
{[%clk 00:11:51]} {[%emt 00:05:48]} Kh8 {[%clk 00:11:54]} {[%emt 00:00:16]} 29.
Qd4 {[%clk 00:11:44]} {[%emt 00:00:37]} Nb5 {[%clk 00:09:13]} {[%emt 00:03:12]}
30. Nxf7+ {[%clk 00:08:16]} {[%emt 00:03:58]}  1-0

[Event "2nd Easter 4NCL Congress"]
[Site "Daventry"]
[Date "2022.04.17"]
[Round "4"]
[Board "14"]
[White "Mccumiskey, Andrew P"]
[Black "Jaszkiwskyj, Peter"]
[Result "1/2-1/2"]
[WhiteElo "2109"]
[BlackElo "1950"]
[PlyCount "0"]
[EventDate "2022.04.15"]
[EventRounds "7"]
[EventCountry "ENG"]

1. c4 {[%clk 01:30:59]} {[%emt 00:00:01]} c6 {[%clk 01:27:45]} {[%emt
00:03:14]} 2. d4 {[%clk 01:31:22]} {[%emt 00:00:08]} d5 {[%clk 01:28:06]}
{[%emt 00:00:08]} 3. Nc3 {[%clk 01:31:05]} {[%emt 00:00:47]} Nf6 {[%clk
01:28:12]} {[%emt 00:00:23]} 4. Nf3 {[%clk 01:30:51]} {[%emt 00:00:45]} e6
{[%clk 01:26:58]} {[%emt 00:01:43]} 5. Bg5 {[%clk 01:28:34]} {[%emt 00:02:49]}
Be7 {[%clk 01:27:15]} {[%emt 00:00:11]} 6. e3 {[%clk 01:28:49]} {[%emt
00:00:17]} O-O {[%clk 01:27:27]} {[%emt 00:00:17]} 7. Bd3 {[%clk 01:29:09]}
{[%emt 00:00:11]} Nbd7 {[%clk 01:27:38]} {[%emt 00:00:18]} 8. O-O {[%clk
01:28:36]} {[%emt 00:01:03]} h6 {[%clk 01:26:56]} {[%emt 00:01:11]} 9. Bh4
{[%clk 01:28:29]} {[%emt 00:00:38]} a6 {[%clk 01:22:55]} {[%emt 00:04:31]} 10.
a4 {[%clk 01:27:03]} {[%emt 00:01:57]} dxc4 {[%clk 01:21:10]} {[%emt 00:02:14]}
11. Bxc4 {[%clk 01:27:23]} {[%emt 00:00:11]} Nd5 {[%clk 01:21:31]} {[%emt
00:00:08]} 12. Bxe7 {[%clk 01:26:04]} {[%emt 00:01:50]} Qxe7 {[%clk 01:21:52]}
{[%emt 00:00:08]} 13. e4 {[%clk 01:24:44]} {[%emt 00:01:50]} Nb4 {[%clk
01:14:03]} {[%emt 00:08:18]} 14. a5 {[%clk 01:16:40]} {[%emt 00:08:36]} Rd8
{[%clk 01:07:44]} {[%emt 00:06:48]} 15. Re1 {[%clk 01:10:46]} {[%emt 00:06:24]}
b5 {[%clk 00:57:57]} {[%emt 00:10:18]} 16. axb6 {[%clk 01:05:07]} {[%emt
00:06:10]} Nxb6 {[%clk 00:58:13]} {[%emt 00:00:11]} 17. Bb3 {[%clk 01:05:20]}
{[%emt 00:00:19]} Bb7 {[%clk 00:56:15]} {[%emt 00:02:27]} 18. Qe2 {[%clk
01:00:48]} {[%emt 00:05:03]} c5 {[%clk 00:49:27]} {[%emt 00:07:18]} 19. Red1
{[%clk 00:56:07]} {[%emt 00:05:11]} Rac8 {[%clk 00:42:43]} {[%emt 00:07:12]} 20.
Na4 {[%clk 00:47:50]} {[%emt 00:08:50]} Nxa4 {[%clk 00:40:01]} {[%emt
00:03:10]} 21. Rxa4 {[%clk 00:48:18]} {[%emt 00:00:03]} cxd4 {[%clk 00:33:48]}
{[%emt 00:06:42]} 22. Nxd4 {[%clk 00:48:30]} {[%emt 00:00:19]} Qc5 {[%clk
00:31:24]} {[%emt 00:02:53]} 23. Nxe6 {[%clk 00:35:40]} {[%emt 00:13:21]} Rxd1+
{[%clk 00:29:00]} 24. Qxd1 {[%clk 00:36:09]} {[%emt 00:02:55]} Qc1 {[%clk
00:23:33]} {[%emt 00:05:56]} 25. Rxb4 {[%clk 00:26:13]} {[%emt 00:10:27]} Qxd1+
{[%clk 00:23:51]} {[%emt 00:00:12]} 26. Bxd1 {[%clk 00:26:42]} {[%emt
00:00:02]} Rc1 {[%clk 00:23:56]} {[%emt 00:00:24]} 27. Kf1 {[%clk 00:24:39]}
{[%emt 00:02:33]} Bc8 {[%clk 00:18:35]} {[%emt 00:05:50]} 28. Nxg7 {[%clk
00:19:19]} {[%emt 00:05:51]} Rxd1+ {[%clk 00:16:40]} {[%emt 00:02:25]} 29. Ke2
{[%clk 00:19:48]} {[%emt 00:00:01]} Rg1 {[%clk 00:16:11]} {[%emt 00:00:58]} 30.
Rb8 {[%clk 00:15:19]} {[%emt 00:05:00]} Kxg7 {[%clk 00:16:19]} {[%emt
00:00:22]} 31. Rxc8 {[%clk 00:15:48]} {[%emt 00:00:01]} Rxg2 {[%clk 00:16:39]}
{[%emt 00:00:09]} 32. Rc6 {[%clk 00:15:08]} {[%emt 00:01:12]} Rxh2 {[%clk
00:16:00]} {[%emt 00:01:08]} 33. Rxa6 {[%clk 00:15:36]} {[%emt 00:00:02]} Rh1
{[%clk 00:16:06]} {[%emt 00:00:22]} 34. b4 {[%clk 00:15:20]} {[%emt 00:00:48]}
Rb1 {[%clk 00:16:19]} {[%emt 00:00:17]} 35. Rb6 {[%clk 00:15:45]} {[%emt
00:00:06]} h5 {[%clk 00:16:05]} {[%emt 00:00:43]} 36. Kf3 {[%clk 00:15:06]}
{[%emt 00:01:09]} Rb2 {[%clk 00:15:17]} {[%emt 00:01:19]} 37. b5 {[%clk
00:11:14]} {[%emt 00:04:22]} h4 {[%clk 00:15:25]} {[%emt 00:00:20]} 38. Rb8
{[%clk 00:10:36]} {[%emt 00:01:09]} h3 {[%clk 00:15:42]} {[%emt 00:00:12]} 39.
Kg3 {[%clk 00:10:54]} {[%emt 00:00:13]} Rb3+ {[%clk 00:13:53]} {[%emt
00:02:19]} 40. Kh2 {[%clk 00:11:17]} {[%emt 00:00:07]} Rb4 {[%clk 00:12:10]}
{[%emt 00:02:13]} 41. f3 {[%clk 00:10:52]} {[%emt 00:00:55]} Rb3 {[%clk
00:12:37]} {[%emt 00:00:02]} 42. Kxh3 {[%clk 00:11:06]} {[%emt 00:00:17]} Rxf3+
{[%clk 00:13:04]} {[%emt 00:00:04]} 43. Kg4 {[%clk 00:11:25]} {[%emt 00:00:10]}
Rb3 {[%clk 00:13:19]} {[%emt 00:00:15]} 44. Kf5 {[%clk 00:10:54]} {[%emt
00:01:01]} Rb1 {[%clk 00:13:22]} {[%emt 00:00:27]} 45. b6 {[%clk 00:10:55]}
{[%emt 00:00:30]} Rb2 {[%clk 00:13:07]} {[%emt 00:00:44]} 46. b7 {[%clk
00:10:02]} {[%emt 00:01:24]} Rb5+ {[%clk 00:12:49]} {[%emt 00:00:45]} 47. Kf4
{[%clk 00:10:15]} {[%emt 00:00:20]} Kf6 {[%clk 00:11:16]} {[%emt 00:01:57]} 48.
e5+ {[%clk 00:10:00]} {[%emt 00:00:49]} Ke7 {[%clk 00:11:42]} {[%emt 00:00:05]}
49. Ke4 {[%clk 00:10:07]} {[%emt 00:00:24]} Rb1 {[%clk 00:11:16]} {[%emt
00:00:52]} 50. Kd4 {[%clk 00:09:29]} {[%emt 00:01:11]} Rd1+ {[%clk 00:10:53]}
{[%emt 00:00:52]} 51. Kc3 {[%clk 00:09:31]} {[%emt 00:00:30]} Rb1 {[%clk
00:11:01]} {[%emt 00:00:22]} 52. Kc2 {[%clk 00:08:39]} {[%emt 00:01:22]} Rb6
{[%clk 00:11:12]} {[%emt 00:00:19]} 53. Kc3 {[%clk 00:08:02]} {[%emt 00:01:07]}
Rb1 {[%clk 00:11:31]} {[%emt 00:00:11]} 54. Kc2 {[%clk 00:07:08]} {[%emt
00:01:24]} Rb6 {[%clk 00:11:51]} {[%emt 00:00:10]}  1/2-1/2

[Event "2nd Easter 4NCL Congress"]
[Site "Daventry"]
[Date "2022.04.17"]
[Round "4"]
[Board "15"]
[White "Stubbs, Oliver"]
[Black "Murawski, Jan"]
[Result "1-0"]
[WhiteElo "2101"]
[BlackElo "1852"]
[PlyCount "0"]
[EventDate "2022.04.15"]
[EventRounds "7"]
[EventCountry "ENG"]

1. d4 {[%clk 01:28:52]} {[%emt 00:02:04]} Nf6 {[%clk 01:30:54]} {[%emt
00:00:10]} 2. Nf3 {[%clk 01:29:16]} {[%emt 00:00:06]} c5 {[%clk 01:28:58]}
{[%emt 00:02:27]} 3. d5 {[%clk 01:23:52]} {[%emt 00:05:54]} d6 {[%clk
01:28:47]} {[%emt 00:00:41]} 4. Nc3 {[%clk 01:23:51]} {[%emt 00:00:31]} e5
{[%clk 01:17:09]} {[%emt 00:12:08]} 5. e4 {[%clk 01:24:11]} {[%emt 00:00:09]}
Be7 {[%clk 01:12:25]} {[%emt 00:05:15]} 6. Bb5+ {[%clk 01:18:59]} {[%emt
00:05:41]} Nbd7 {[%clk 01:11:56]} {[%emt 00:01:00]} 7. a4 {[%clk 01:19:06]}
{[%emt 00:00:23]} a6 {[%clk 01:11:11]} {[%emt 00:01:16]} 8. Be2 {[%clk
01:17:00]} {[%emt 00:02:35]} b6 {[%clk 01:06:00]} {[%emt 00:05:41]} 9. O-O
{[%clk 01:12:51]} {[%emt 00:04:38]} Nf8 {[%clk 00:56:15]} {[%emt 00:10:16]} 10.
Nd2 {[%clk 01:05:13]} {[%emt 00:08:08]} Ng6 {[%clk 00:51:07]} {[%emt 00:05:38]}
11. Nc4 {[%clk 01:04:42]} {[%emt 00:01:00]} O-O {[%clk 00:48:40]} {[%emt
00:02:57]} 12. Re1 {[%clk 01:01:08]} {[%emt 00:04:04]} Bd7 {[%clk 00:39:13]}
{[%emt 00:09:57]} 13. Be3 {[%clk 00:53:21]} {[%emt 00:08:17]} Qc7 {[%clk
00:34:40]} {[%emt 00:05:04]} 14. Na3 {[%clk 00:44:52]} {[%emt 00:08:59]} Ne8
{[%clk 00:32:10]} {[%emt 00:02:59]} 15. Bg4 {[%clk 00:41:27]} {[%emt 00:03:54]}
Bxg4 {[%clk 00:31:10]} {[%emt 00:01:31]} 16. Qxg4 {[%clk 00:41:48]} {[%emt
00:00:09]} Nf6 {[%clk 00:31:34]} {[%emt 00:00:07]} 17. Qe2 {[%clk 00:36:23]}
{[%emt 00:05:54]} Qd7 {[%clk 00:21:58]} {[%emt 00:10:07]} 18. Nc4 {[%clk
00:35:26]} {[%emt 00:01:27]} Bd8 {[%clk 00:17:13]} {[%emt 00:05:15]} 19. Reb1
{[%clk 00:25:26]} {[%emt 00:10:30]} Bc7 {[%clk 00:12:17]} {[%emt 00:05:26]} 20.
Na3 {[%clk 00:23:30]} {[%emt 00:02:25]} Ng4 {[%clk 00:11:42]} {[%emt 00:01:05]}
21. Bd2 {[%clk 00:20:16]} {[%emt 00:03:44]} f5 {[%clk 00:09:03]} {[%emt
00:03:09]} 22. f3 {[%clk 00:15:59]} {[%emt 00:04:47]} Nf6 {[%clk 00:08:39]}
{[%emt 00:00:55]} 23. b4 {[%emt 00:03:34]} fxe4 {[%clk 00:06:26]} {[%emt
00:00:01]} 24. Nxe4 {[%clk 00:15:00]} {[%emt 00:01:06]} Nxe4 {[%clk 00:04:47]}
{[%emt 00:02:10]} 25. Qxe4 {[%clk 00:15:08]} {[%emt 00:00:21]} Qxa4 {[%clk
00:02:05]} {[%emt 00:03:13]} 26. Nc4 {[%clk 00:15:29]} {[%emt 00:00:08]} Qd7
{[%clk 00:01:58]} {[%emt 00:00:37]} 27. bxc5 {[%clk 00:15:54]} {[%emt
00:00:05]} bxc5 {[%clk 00:02:19]} {[%emt 00:00:10]} 28. Rb7 {[%clk 00:15:40]}
{[%emt 00:00:44]} Rab8 {[%clk 00:02:32]} {[%emt 00:00:17]} 29. Ra7 {[%clk
00:15:24]} {[%emt 00:00:46]} Nf4 {[%clk 00:02:20]} {[%emt 00:00:41]} 30. Ba5
{[%clk 00:14:38]} {[%emt 00:01:17]} Nh3+ {[%clk 00:00:49]} {[%emt 00:02:01]} 31.
gxh3 {[%clk 00:14:05]} {[%emt 00:01:03]} Rf4 {[%clk 00:00:44]} {[%emt
00:00:34]} 32. Qe2 {[%clk 00:10:18]} {[%emt 00:04:17]} Qb5 {[%clk 00:00:32]}
{[%emt 00:00:43]} 33. Bxc7 {[%clk 00:09:24]} {[%emt 00:01:25]} Re8 {[%clk
00:00:45]} {[%emt 00:00:15]} 34. Bxd6 {[%clk 00:09:08]} {[%emt 00:00:47]} Rxc4
{[%clk 00:00:52]} {[%emt 00:00:23]} 35. Qg2 {[%clk 00:09:33]} {[%emt 00:00:04]}
g6 {[%clk 00:00:55]} {[%emt 00:00:27]} 36. R7xa6 {[%clk 00:09:31]} {[%emt
00:00:33]} e4 {[%clk 00:00:47]} {[%emt 00:00:38]} 37. fxe4 {[%clk 00:09:42]}
{[%emt 00:00:19]} Rcxe4 {[%clk 00:00:59]} {[%emt 00:00:17]} 38. Ra8 {[%clk
00:08:44]} {[%emt 00:01:29]} Qc4 {[%clk 00:00:33]} {[%emt 00:00:56]} 39. Rxe8+
{[%clk 00:08:57]} {[%emt 00:00:16]} Rxe8 {[%clk 00:01:00]} {[%emt 00:00:03]} 40.
Rf1 {[%clk 00:07:56]} {[%emt 00:01:32]} Qd4+ {[%clk 00:00:50]} {[%emt
00:00:39]} 41. Kh1 {[%clk 00:07:35]} {[%emt 00:00:51]} Qg7 {[%clk 00:00:32]}
{[%emt 00:00:48]} 42. Qf3 {[%clk 00:07:26]} {[%emt 00:00:38]} Ra8 {[%clk
00:00:38]} {[%emt 00:00:24]} 43. Bxc5 {[%clk 00:07:47]} {[%emt 00:00:09]} Re8
{[%clk 00:00:31]} {[%emt 00:00:38]} 44. c3 {[%clk 00:08:07]} {[%emt 00:00:10]}
h5 {[%clk 00:00:37]} {[%emt 00:00:24]} 45. Bd4 {[%clk 00:08:32]} {[%emt
00:00:05]} Qd7 {[%clk 00:01:02]} {[%emt 00:00:05]} 46. c4 {[%clk 00:08:42]}
{[%emt 00:00:19]}  1-0